Sermón eucarístico en las fiestas reales celebradas en la ciudad de San Luis Potosí por la feliz exaltación de N. santísimo padre ...

Detalles Bibliográficos
Autor principal: CASUAS TORRES Y PLAZAS, Ramón ( Fray )
Formato: Libro
Publicado: México 1800
Materias:
Colección:Banco de datos
Acervo:Biblioteca del Ex Convento de Nuestra Señora de Guadalupe. Zacatecas
Tema general:Homilética
Notas:Buena. XII,5,21 (4117)
LEADER 00818nam a22001930004500
035 |a 45075 
036 |a 6259 
100 1 |a CASUAS TORRES Y PLAZAS, Ramón ( Fray ) 
245 1 0 |a Sermón eucarístico en las fiestas reales celebradas en la ciudad de San Luis Potosí por la feliz exaltación de N. santísimo padre ... 
260 |a México  |b ed. Vicente Bernabé, imp. Mariano José de Zúñiga y Ontiveros  |c 1800 
500 |a Buena. XII,5,21 (4117) 
650 1 0 |a Homilética 
949 |a CRZ-CG 
959 |a Ex convento de Nuestra Señora de Guadalupe, Museo Regional de Zacatecas, Zacatecas  |b CCC4 
960 |a Convento de Nuestra Señora de Guadalupe, Zacatecas  |b DD87 
961 |a Franciscana  |b OF 
942 |c CRZ-CG 
943 |g Biblioteca del Ex Convento de Nuestra Señora de Guadalupe. Zacatecas 
999 |c 969202  |d 969202